000
00242nam a2200097Ia 4500
008
190216s9999||||xx |||||||||||||| ||und||
100
_a
Bhagavathy Charan Varma
245
0
_a
Hindi-Akhiri Dare
260
_b
Mac Millian And Com. Ltd
942
_c
BK
999
_c
17055
_d
17055